000 00503nam a22002051a 4500
001 3524
003 OSt
005 20260204211854.0
008 041127s1999||||ag ||||||b||||||||||spa||
020 _a9505772343
050 _a791.44028 F391e
082 _a791.44028 F391e
100 _aFernández, Jorge O.
245 _aLa expresión oral / Jorge O. Fernández
250 _a2
264 _aArgentina : Editorial de Belgrano
300 _a158 p
650 _a1.Expresión OralÌ
942 _2ddc
_cBK
999 _c3524
_d3524